| 000 | 00535nam a2200193 4500 | ||
|---|---|---|---|
| 003 | OSt | ||
| 005 | 20260530113922.0 | ||
| 008 | 260520b |||||||| |||| 00| 0 spa d | ||
| 040 |
_aICI _bspa _cICI _erda |
||
| 050 |
_aF1218.5 _b.G85 |
||
| 100 | 1 |
_aEdiciones Independencia _eautor _934737 |
|
| 245 | _aGuía Breve: Ciudad de México | ||
| 264 |
_aMéxico _bEdiciones Independencia _c2010 |
||
| 300 | _a16 páginas | ||
| 336 |
_2rdacontent _atexto |
||
| 337 |
_2rdamedia _asin medio |
||
| 338 |
_2rdacarrier _avolumen |
||
| 942 |
_2lcc _n1 _cBK |
||
| 999 |
_c12484 _d12484 |
||